000 01066nam a2200301 i 4500
001 bg
100 1 _aDostoevskij, Fëdor Mihajlovič
_d(1821-1881).
245 1 0 _aZbrodnia i kara /
_cFiodor Dostojewski ; przekł. Czesław Jastrzębiec-Kozłowski.
246 1 _iTyt. oryg.:
_aPrestuplenie i nakazanie
260 _a[s.l.] :
_bMediasat Group,
_c2005.
300 _a542 [1] s. ;
_c21 cm.
490 1 _aBiblioteka Gazety Wyborczej : XIX wiek ;
_v2
500 _aTyt. oryg.: Priestuplenije i nakazanije.
500 _aWyd. we współpr. merytorycznej z Zakładem Narodowym im. Ossolińskich - Wydawnictwo, Wrocław.
650 9 _aPowieść rosyjska
_y19 w.
700 1 _aJastrzębiec-Kozłowski, Czesław
_d(1894-1956).
_eTł.
830 0 _aBiblioteka Gazety Wyborczej ;
_v2
020 _a8498191645 (całość)
020 _a8498191661
040 _cBPK
041 1 _apol
_hrus
044 _aPOL
080 _a821.161.1-3
920 _a84-9819-164-5 (całość)
920 _a84-9819-166-1
942 _cKS
008 s pl f |000 0 pol
999 _c55689
_d55689
856 _uhttp://koha.tu.koszalin.pl/cgi-bin/koha/opac-detail.pl?biblionumber=55689
_yKatalog online BPK